Charlie and the chocolate factory Ο Τσάρλι και το εργοστάσιο σοκολάτας

Ένας εκκεντρικός σοκολατοποιός αποφασίζει να δεχτεί στο εργοστάσιό του και να ξεναγήσει στ αμυστικά της τέχνης του τα παιδιά που θα βρουν τα πέντε χρυσά εισιτήρι, που είναι κρυμμένα στα προϊόντα του. Τέσσερα κακομαθημένα παιδιά είναι οι πρώτοι τυχεροί. Το πέμπτρο είναι ο Τσάρλι, ένα φτωχό αγόρι που...

Full description

Saved in:
Bibliographic Details
Other Authors: Burton, Tim, 1958- (Director), Depp, Johnny (Actor)
Format: Slide
Language:English
Greek
Published: [Χ.τ. : χ.ό., 2005]
Subjects:
Tags: Add Tag
No Tags, Be the first to tag this record!

MARC

LEADER 00000cgm a2200000 a 4500
001 1/123521
008 210916s2005####xx ||| | || ||elx||
040 |a GR-MyUa  |b gre  |c GR-MyUa  |e AACR2 
041 0 |a eng  |j gre 
082 7 |a 791.437   |2 (23) 
245 0 0 |a Charlie and the chocolate factory   |h [μαγνητοσκόπηση] =   |b Ο Τσάρλι και το εργοστάσιο σοκολάτας /   |c μια ταινία του Τιμ Μπάρτον. 
246 1 |i Παράλληλος τίτλος:   |a Ο Τσάρλι και το εργοστάσιο σοκολάτας 
260 |a [Χ.τ. :   |b χ.ό.,   |c 2005] 
300 |a 1 βιντεοδίσκος (110 λεπτά) :   |b ομίλ., έγχρ. ;   |c 4 3/4 ίν. 
500 |a Κυκλοφόρησε πρώτη φορά ως κινηματογραφική ταινία το 2005. 
511 0 |a Φρέντι Χάιμορ, Τζόνι Ντεπ, Ελένα Μπόναμ Κάρτερ, Κρίστοφερ Λι. 
520 8 |a Ένας εκκεντρικός σοκολατοποιός αποφασίζει να δεχτεί στο εργοστάσιό του και να ξεναγήσει στ αμυστικά της τέχνης του τα παιδιά που θα βρουν τα πέντε χρυσά εισιτήρι, που είναι κρυμμένα στα προϊόντα του. Τέσσερα κακομαθημένα παιδιά είναι οι πρώτοι τυχεροί. Το πέμπτρο είναι ο Τσάρλι, ένα φτωχό αγόρι που κάθε χρόνο παίρνει δώρο για τα γενέθλιά του ένα γλυκό. 
546 |a Στα αγγλικά με υπότιτλους στα ελληνικά. 
650 0 |a Wonka, Willy (Fictitious character)  |v Drama. 
650 0 |a Bucket, Charlie (Fictitious character)  |v Drama. 
655 7 |a Feature films  |2 lcgft 
700 1 |a Burton, Tim,   |d 1958-  |e drt 
700 1 |a Depp, Johnny,  |e act 
970 |a Κοντού  |b Παρασκευή  |z 16/09/2021